Normal view
MARC view
- M. A .Rahat
Entry Personal Name
001 - CONTROL NUMBER
- control field: 9243
003 - CONTROL NUMBER IDENTIFIER
- control field: NUST
005 - DATE AND TIME OF LATEST TRANSACTION
- control field: 20180120144151.0
008 - FIXED-LENGTH DATA ELEMENTS
- fixed length control field: 180120|| aca||aabn | a|a d
040 ## - CATALOGING SOURCE
- Original cataloging agency: NUST
- Transcribing agency: NUST
100 ## - HEADING--PERSONAL NAME
- Personal name: M. A .Rahat
670 ## - SOURCE DATA FOUND
- Source citation: Work cat.: (NUST)327577: M. A .Rahat, Sadiyon Ka Sehar, 2011
